| 000 | 00000nam##2200000za#4500 |
| 001 | 9.695843 |
| 003 | CaOODSP |
| 005 | 20210927150503 |
| 007 | cr ||||||||||| |
| 008 | 150407|1986||||xxc|||||o f|0| 0 eng|d |
| 040 | |aCaOODSP|beng |
| 043 | |an-cn--- |
| 086 | 1 |aR32-154/1-1986E-PDF |
| 110 | 1 |aCanada. |bIndian and Northern Affairs Canada. |
| 245 | 10|aHighlights of aboriginal conditions, 1991, 1986 : |h[electronic resource]|bdemographic, social and economic characteristics / |cprincipal author: David Dahm. |
| 260 | |aOttawa - Ontario : |bIndian and Northern Affairs |c1995. |
| 300 | |a143p.|bfigs., graphs, references, tables |
| 500 | |aThe catalogue number (R32-154/1-1986E) and ISBN (0-662-23622-X) for the print edition have been incorrectly copied in this electronic version. |
| 590 | |a12-05-Supp|b2012-03-02 |
| 690 | 07|aIndigenous peoples|2gcpds |
| 690 | 07|aCensus data|2gcpds |
| 775 | 08|tFaits saillants des conditions des Autochtones, 1986 et 1991 |w(CaOODSP)9.639940 |
| 856 | 40|ahttp://publications.gc.ca|qPDF|s563 KB|uhttps://publications.gc.ca/collections/collection_2012/ainc-inac/R32-154-1-1986-eng.pdf |
| 986 | |aQS-3568-000-EE-A1 |